000 00356nam a2200145Ia 4500
008 200103s9999||||xx |||||||||||||| ||und||
020 _a0876923872,
040 _aIMU-MPC
082 _aColumn-17
100 _aRajaraman, V.
245 0 _aFundamentals of Computers
260 _bPrentice-Hall of India, New Delhi
_c1992
300 _axii, 288
942 _cBK
999 _c6109
_d6109